[Event "Indywidualne Mistrzostwa Polski Juniorow do lat 18 - Dziewczeta"]
[Site "Szklarska Poreba"]
[Date "1899-12-30"]
[Round "4.15"]
[White "Hryn, Zofia"]
[Black "Trembowiecka-wysota, Aleksandra"]
[Result "0-1"]
[WhiteTitle "I++"]
[BlackTitle "I"]
[WhiteElo "1592"]
[BlackElo "1669"]

1. e4 c5 2. Nf3 d6 3. d4 cxd4 4. Nxd4 Nf6 5. Nc3 a6 6. Bc4 e6 7. O-O Be7 8. Qf3
Nc6 9. Nxc6 bxc6 10. Qg3 O-O 11. Bh6 Ne8 12. e5 dxe5 13. Bd3 f5 14. Rad1 Bh4 15.
Qxe5 gxh6 16. Bc4 Qf6 17. Qc5 Qe7 18. Qxc6 Rb8 19. Na4 Ng7 20. Rfe1 Bb7 21. Qd6
Bxf2+ 22. Kxf2 Qh4+ 23. Qg3 Qxc4 24. Rd7 Qg4 25. Nc5 Bd5 26. Rxd5 exd5 27. Nd7
Rxb2 28. Qc3 Qb4 29. Qc7 Qd2+ 30. Re2 Qd4+ 31. Kf3 Qg4+ 32. Kf2 Qd4+ 33. Kf3 Rb1
34. h3 Rf1+ 35. Kg3 Nh5+ 36. Kh2 Qg1# 0-1

[Event "Indywidualne Mistrzostwa Polski Juniorow do lat 18 - Dziewczeta"]
[Site "Szklarska Poreba"]
[Date "1899-12-30"]
[Round "4.16"]
[White "Ossolinska, Matylda"]
[Black "Sivickis, Wiktoria"]
[Result "0-1"]
[WhiteTitle "I+"]
[BlackTitle "I++"]
[WhiteElo "1665"]
[BlackElo "1611"]

1. e4 c6 2. d4 d5 3. e5 c5 4. c3 Nc6 5. f4 cxd4 6. cxd4 Qb6 7. Nc3 Bf5 8. Bb5 e6
9. a3 a6 10. Ba4 Be7 11. Nf3 Nh6 12. O-O O-O 13. Qb3 Qxb3 14. Bxb3 Be4 15. Ne2
Nf5 16. Rd1 Bxf3 17. gxf3 Ncxd4 18. Nxd4 Bc5 19. Kg2 Nxd4 20. Rd3 Rac8 21. Bd1
Nf5 22. Bd2 Bd4 23. Bc3 Bxc3 24. bxc3 Rc5 25. Rb1 b5 26. Kf2 Rfc8 27. a4 g6 28.
axb5 axb5 29. h3 Rxc3 30. Rxc3 Rxc3 31. Rxb5 Rc4 32. Be2 Rxf4 33. Rb8+ Kg7 34.
Bd3 Nd4 35. Ke3 Rh4 36. Ra8 Nf5+ 37. Bxf5 gxf5 38. Kf2 Rxh3 39. Kg2 Rh4 40. Kg3
Rd4 41. Ra7 Rd1 42. Rd7 d4 43. Kf4 d3 44. Ke3 h5 45. Rd4 Kg6 46. Kf2 Rd2+ 47.
Ke3 Re2+ 48. Kxd3 Rxe5 49. Rb4 Rd5+ 50. Ke3 e5 51. Rc4 f4+ 52. Ke2 h4 53. Rc2
Rd6 54. Kf2 f5 55. Kg2 e4 56. Kh3 e3 57. Rg2+ Kh6 58. Rg8 e2 59. Re8 Rd3 60. Rxe2
Kh5 61. Rf2 Rd7 62. Rg2 Rd1 63. Rf2 Rg1 64. Kh2 Rg3 65. Kh1 Kg5 66. Kh2 Kf6 67.
Kh1 Ke5 68. Re2+ Kd4 69. Rh2 h3 70. Rf2 Ke3 71. Rf1 Rxf3 72. Re1+ Kf2 73. Rc1
Re3 74. Rc2+ Re2 75. Rc3 Re3 76. Rc2+ Kg3 77. Rc1 f3 78. Rg1+ Kh4 79. Rf1 f4 80.
Kh2 Re2+ 81. Kh1 f2 82. Kh2 Kg4 83. Kh1 Kf3 84. Kh2 Re1 0-1

[Event "Indywidualne Mistrzostwa Polski Juniorow do lat 18 - Dziewczeta"]
[Site "Szklarska Poreba"]
[Date "1899-12-30"]
[Round "4.17"]
[White "Borek, Dominika"]
[Black "Koruch, Maria"]
[Result "0-1"]
[WhiteTitle "I"]
[BlackTitle "I+"]
[WhiteElo "1282"]
[BlackElo "1685"]

1. d4 d5 2. c4 c6 3. cxd5 cxd5 4. Nc3 Nf6 5. Nf3 Nc6 6. Bf4 a6 7. e3 Bg4 8. Be2
e6 9. a3 Bd6 10. Ne5 Bxe2 11. Qxe2 Bxe5 12. dxe5 Nd7 13. Qg4 Kf8 14. Qg3 Qb6 15.
Rb1 Nc5 16. O-O Nd3 17. Rfd1 Nxf4 18. exf4 Rd8 19. Qd3 g5 20. f5 d4 21. Na4 Qb5
22. Qxb5 axb5 23. Nc5 b6 24. Nb7 Rd5 25. Nd6 Nxe5 26. Ne4 Nc4 27. f6 Ke8 28. Rd3
Kd7 29. Kf1 Rc8 30. b4 Nd6 31. Ng3 e5 32. Rbd1 Ke6 33. Ke1 Kxf6 34. f3 Ke6 35.
Nf1 f5 36. Ne3 Nc4 37. Nxd5 Kxd5 38. Rb3 e4 39. fxe4+ fxe4 40. Rg3 Rg8 41. Rh3
Rg7 42. Rg3 d3 43. Kf2 Kd4 44. Ke1 Nxa3 45. Rd2 e3 46. Ra2 Nc2+ 47. Kd1 e2+ 48.
Kc1 e1=Q+ 0-1

[Event "Indywidualne Mistrzostwa Polski Juniorow do lat 18 - Dziewczeta"]
[Site "Szklarska Poreba"]
[Date "1899-12-30"]
[Round "4.18"]
[White "Dixa, Joanna"]
[Black "Trusz, Julia"]
[Result "0-1"]
[WhiteTitle "I"]
[BlackTitle "I+"]
[WhiteElo "1337"]
[BlackElo "1635"]

1. e4 c5 2. Nf3 e6 3. d4 cxd4 4. Nxd4 Nc6 5. Nc3 a6 6. Nxc6 bxc6 7. Bd3 d5 8. exd5
cxd5 9. O-O Nf6 10. Qe2 Be7 11. b3 O-O 12. Bb2 Bb7 13. Rad1 Qc7 14. Nb1 Rfd8 15.
Nd2 Nd7 16. c4 Bf6 17. Bxf6 Nxf6 18. cxd5 Nxd5 19. Rc1 Qd7 20. Be4 Nf4 21. Qe3
Qxd2 22. Qxd2 Rxd2 23. Bxb7 Ne2+ 24. Kh1 Nxc1 25. Bxa8 Nxa2 26. Bb7 a5 27. Ba6
Kf8 28. g3 Nb4 29. Kg2 Nxa6 30. Ra1 Rd5 31. Kf1 Ke7 32. Ke2 Kd6 33. Ra4 Rb5 34.
Ra3 Nc5 35. f4 Nxb3 36. Kd3 Nc5+ 37. Kc4 Rb4+ 38. Kc3 Ra4 39. Rxa4 Nxa4+ 0-1

[Event "Indywidualne Mistrzostwa Polski Juniorow do lat 18 - Dziewczeta"]
[Site "Szklarska Poreba"]
[Date "1899-12-30"]
[Round "4.19"]
[White "Borsuk, Aleksandra"]
[Black "Bohdanowicz, Nikola"]
[Result "1-0"]
[WhiteTitle "I"]
[BlackTitle "I"]
[WhiteElo "1307"]
[BlackElo "1402"]

1. e4 c5 2. g3 Nc6 3. Bg2 d6 4. Nf3 g6 5. Nc3 Bg7 6. d3 Nf6 7. O-O O-O 8. Re1 Rb8
9. Bd2 Bg4 10. Qc1 Re8 11. Bh6 Bh8 12. Rb1 b5 13. a3 a5 14. Nd5 Nxd5 15. exd5
Ne5 16. Nxe5 Bxe5 17. h4 b4 18. Qg5 Qd7 19. Kh2 f6 20. Qd2 Qf5 21. f4 Bd4 22.
c3 Qh5 23. cxd4 Qxh6 24. dxc5 dxc5 25. Qe3 Rbc8 26. Rbc1 e5 27. Rxc5 Rxc5 28.
Qxc5 Rc8 29. Qe7 Rc2 30. Qxf6 Qg7 31. Qd8+ Qf8 32. Qxf8+ Kxf8 33. Kg1 exf4 34.
Rf1 Ke7 35. Rxf4 Bf5 36. axb4 Rxb2 37. bxa5 Bxd3 38. Be4 Ba6 39. Rf2 Rb5 40. Ra2
Kd6 41. Bd3 Rxa5 42. Rxa5 Bxd3 43. Kf2 Be4 44. Ra7 h5 45. Ra5 Bxd5 46. Ra6+ Bc6
47. Ke3 Kc5 48. Rxc6+ Kxc6 49. Kf4 Kd5 50. Kg5 Ke4 51. Kxg6 Ke5 52. Kxh5 Kf5 53.
g4+ Kf6 54. Kh6 Kf7 55. Kh7 1-0

[Event "Indywidualne Mistrzostwa Polski Juniorow do lat 18 - Dziewczeta"]
[Site "Szklarska Poreba"]
[Date "1899-12-30"]
[Round "5.1"]
[White "Swiech, Joanna"]
[Black "Sowa, Wiktoria"]
[Result "1/2-1/2"]
[WhiteTitle "k"]
[BlackTitle "k"]
[WhiteElo "1921"]
[BlackElo "1954"]

1. c4 e5 2. g3 Nf6 3. Bg2 d5 4. cxd5 Nxd5 5. Nc3 Nb6 6. Nf3 Nc6 7. O-O Be7 8. d3
O-O 9. b3 Re8 10. Bb2 Bf8 11. Qd2 Nd4 12. e3 Nxf3+ 13. Bxf3 c6 14. Rfd1 Bf5 15.
e4 Bg6 16. a3 Qf6 17. Qe2 Bc5 18. b4 Bd4 19. Rd2 Rad8 20. Nd1 Bxb2 21. Nxb2 Rd4
22. Rc2 Red8 23. Qe3 Na4 24. Be2 Nxb2 25. Rxb2 Qd6 26. Kg2 f6 27. Qc1 Bf7 28.
Qc3 Rc8 29. Rc1 Be6 30. Qc5 Qb8 31. Qc3 Qd6 32. Qc5 Qb8 33. Qc3 b6 34. Qe1 Qd6
35. Rc3 Qd7 36. Rbc2 Bh3+ 1/2-1/2

[Event "Indywidualne Mistrzostwa Polski Juniorow do lat 18 - Dziewczeta"]
[Site "Szklarska Poreba"]
[Date "1899-12-30"]
[Round "5.2"]
[White "Sliwicka, Alicja"]
[Black "Kucharska, Honorata"]
[Result "0-1"]
[WhiteTitle "WIM"]
[BlackTitle "WFM"]
[WhiteElo "2264"]
[BlackElo "2089"]

1. e4 e5 2. Nf3 Nc6 3. d4 exd4 4. Nxd4 Nf6 5. Nxc6 bxc6 6. e5 Qe7 7. Qe2 Nd5 8.
c4 Nb6 9. Nc3 Bb7 10. f4 O-O-O 11. Be3 c5 12. O-O-O f6 13. exf6 Qxf6 14. Qf2 d6
15. Bd3 Qf7 16. b3 g6 17. f5 Bg7 18. Nb1 Rhf8 19. Rhf1 Qe7 20. Rde1 Be5 21. Bf4
Nd7 22. Bc2 gxf5 23. Bxe5 Nxe5 24. Nd2 f4 25. Nf3 Rde8 26. Nxe5 dxe5 27. Be4 Bxe4
28. Rxe4 Rf6 29. Rfe1 Re6 30. Kb1 Rd8 31. Qe2 Rd4 32. Rxd4 cxd4 33. Qe4 c6 34.
Kb2 Qf7 35. Kc2 Kc7 36. Kd3 Re7 37. b4 Qf6 38. Rb1 Qh6 39. b5 Qg6 40. a4 Qxe4+
41. Kxe4 cxb5 42. Rxb5 Kc6 43. Rd5 Rd7 44. Kxe5 d3 45. Ke6 Rxd5 46. cxd5+ Kc5
0-1

[Event "Indywidualne Mistrzostwa Polski Juniorow do lat 18 - Dziewczeta"]
[Site "Szklarska Poreba"]
[Date "1899-12-30"]
[Round "5.3"]
[White "Szelag, Zuzanna"]
[Black "Kaczmarska, Joanna"]
[Result "1/2-1/2"]
[WhiteTitle "k"]
[BlackTitle "k+"]
[WhiteElo "1977"]
[BlackElo "2048"]

1. e4 e6 2. d4 d5 3. Nd2 Be7 4. Ngf3 Nf6 5. e5 Nfd7 6. Bd3 c5 7. c3 b6 8. O-O Ba6
9. Ne1 Bxd3 10. Nxd3 Nc6 11. Qg4 g6 12. Nf3 c4 13. Nf4 h5 14. Qg3 Nf8 15. Nh3
Qd7 16. Nhg5 Bd8 17. b3 b5 18. Qf4 Nh7 19. Nxh7 Rxh7 20. Ng5 Bxg5 21. Qxg5 a5
22. Rb1 b4 23. Bd2 Rb8 24. Rfc1 cxb3 25. axb3 a4 26. Qe3 Na5 27. cxb4 Nxb3 28.
Rc2 Na5 29. Rc5 Nc4 30. Qd3 Rb5 31. Ra1 f5 32. exf6 Kf7 33. Bf4 Rxc5 34. bxc5
Rh8 35. h4 Kxf6 36. Qb1 Ra8 37. Bg5+ Kg7 38. Qb4 Qc6 39. Qc3 Rf8 40. Qb4 Ra8 41.
Qc3 Ra7 42. Qf3 Rf7 43. Bh6+ Kg8 44. Qg3 Kh7 45. Bc1 e5 46. dxe5 Rf5 47. Bg5 Rxe5
48. Qf4 Rf5 49. Qd4 Rf7 50. Rb1 Rb7 51. Rxb7+ Qxb7 52. c6 Qf7 53. Bf4 a3 54. c7
Qd7 55. Qc5 a2 56. c8=Q a1=Q+ 57. Kh2 Qag7 58. Qxd7 Qxd7 59. Qd4 Na3 60. Bg5 Nb5
61. Qd3 d4 62. Bf4 Na7 63. Be5 Nc6 64. Bf4 Ne7 65. Bg5 Nf5 66. Kh1 Qe6 67. Kh2
Qe5+ 68. Kg1 Nd6 69. Qc2 Ne4 70. Qc6 Nxg5 71. hxg5 Qe1+ 72. Kh2 Qxf2 73. Qd7+
Kg8 74. Qe8+ Kg7 75. Qd7+ Kf8 76. Qd8+ Kg7 77. Qd7+ Qf7 78. Qxd4+ Kf8 79. Qd8+
Qe8 80. Qd6+ Kf7 81. Qf6+ Kg8 82. Qd6 Qf7 83. Qe5 Kf8 84. Qd6+ Kg8 85. Qe5 Kh7
86. Qd6 Qb7 87. Qf4 Qd5 88. Qc7+ Kg8 89. Qf4 Qf7 90. Qe5 Qd7 91. Qf4 Qd3 92. Qe5
Kf7 93. Qf6+ Ke8 94. Kh1 Kd7 95. Qf7+ Kd6 96. Qf8+ Kd5 97. Qf7+ Kd4 98. Qf6+ Ke3
99. Qf3+ Kd2 100. Qf4+ Kc3 101. Qf6+ Kc4 102. Qc6+ Kd4 103. Qb6+ Kc3 104. Qf6+
Kc2 105. Qf4 Qd1+ 106. Kh2 Qe2 107. Qa4+ Kd3 108. Qa6+ Ke3 109. Qxg6 Kf4 110.
Qf6+ Kg4 111. g6 Qe8 112. Qf3+ Kg5 113. g7 Kh6 114. Qf6+ Kh7 115. Qg5 Kg8 116.
Qf6 Qf7 117. Qd8+ Kxg7 118. Qg5+ Qg6 119. Qxg6+ Kxg6 120. Kg3 Kg5 121. Kh3 h4
122. g3 hxg3 123. Kxg3 1/2-1/2

[Event "Indywidualne Mistrzostwa Polski Juniorow do lat 18 - Dziewczeta"]
[Site "Szklarska Poreba"]
[Date "1899-12-30"]
[Round "5.4"]
[White "Rudzinska, Michalina"]
[Black "Choinska, Debora"]
[Result "1-0"]
[WhiteTitle "WFM"]
[BlackTitle "I++"]
[WhiteElo "2065"]
[BlackElo "1717"]

1. e4 d6 2. d4 Nf6 3. Nc3 Nbd7 4. Nf3 e5 5. Bc4 Be7 6. O-O O-O 7. Re1 c6 8. a4
exd4 9. Nxd4 Ne5 10. Ba2 Re8 11. h3 Qc7 12. Be3 Bf8 13. f4 Ng6 14. Qf3 a6 15.
Rad1 Bd7 16. g4 c5 17. Nf5 Bc6 18. Bf2 b5 19. g5 Nd7 20. Nd5 Bxd5 21. Bxd5 Rad8
22. axb5 axb5 23. h4 Nb6 24. h5 Nxd5 25. Rxd5 Ne7 26. Nxe7+ Rxe7 27. g6 Re6 28.
f5 Re5 29. gxh7+ Kxh7 30. Bg3 Rxd5 31. exd5 Qd7 32. Qe4 Kg8 33. h6 Kh8 34. hxg7+
Bxg7 35. Qh4+ Kg8 36. f6 Bf8 37. Qg5+ Kh8 38. Kg2 Re8 39. Rh1+ Bh6 40. Qg7# 1-0

[Event "Indywidualne Mistrzostwa Polski Juniorow do lat 18 - Dziewczeta"]
[Site "Szklarska Poreba"]
[Date "1899-12-30"]
[Round "5.5"]
[White "Frej, Zofia"]
[Black "Guzik, Natalia"]
[Result "1/2-1/2"]
[WhiteTitle "k"]
[BlackTitle "I++"]
[WhiteElo "2010"]
[BlackElo "1662"]

1. e4 c5 2. Nc3 Nc6 3. g3 g6 4. Bg2 Bg7 5. d3 d6 6. Be3 e6 7. Qd2 Nge7 8. Bh6 O-O
9. h4 Bxh6 10. Qxh6 Kh8 11. Nf3 Ng8 12. Qd2 Nf6 13. O-O-O Kg7 14. d4 h5 15. Rhe1
Qa5 16. Kb1 e5 17. dxe5 dxe5 18. Nd5 Qxd2 19. Rxd2 Bg4 20. Nxf6 Kxf6 21. Rd6+
Be6 22. c3 Ke7 23. Rdd1 Rad8 24. Ng5 Bc4 25. b3 Bd3+ 26. Kc1 c4 27. f4 f6 28.
Nh3 cxb3 29. axb3 Ba6 30. Rd5 Rc8 31. Kb2 Rfd8 32. Bf3 b6 33. Ra1 Bb7 34. fxe5
fxe5 35. Ng5 Rf8 36. Rad1 Rcd8 37. R1d2 Rf6 38. Be2 Rxd5 39. exd5 Nd8 40. Ne4
Rf8 41. c4 Nf7 42. Bd3 Rd8 43. Re2 Bc8 44. Kc3 Bf5 45. Ra2 Rd7 46. Rf2 Nd6 47.
Nxd6 Kxd6 48. Bxf5 Rf7 49. Ra2 gxf5 50. Rf2 a5 51. Rf1 Kc5 1/2-1/2

[Event "Indywidualne Mistrzostwa Polski Juniorow do lat 18 - Dziewczeta"]
[Site "Szklarska Poreba"]
[Date "1899-12-30"]
[Round "5.6"]
[White "Raczykowska, Paulina"]
[Black "Leczek, Weronika"]
[Result "1-0"]
[WhiteTitle "k"]
[BlackTitle "k"]
[WhiteElo "1936"]
[BlackElo "1823"]

1. e4 c5 2. Nf3 Nc6 3. d4 cxd4 4. Nxd4 Nf6 5. Nc3 d6 6. Bg5 e6 7. Bb5 Bd7 8. Bxc6
Bxc6 9. Nxc6 bxc6 10. e5 Qa5 11. Bxf6 gxf6 12. exd6 Qe5+ 13. Qe2 Bxd6 14. O-O-O
Rb8 15. Qxe5 Bxe5 16. Rd3 Ke7 17. g3 Rhd8 18. Rxd8 Rxd8 19. Ne2 f5 20. c3 Bc7
21. Nd4 Rd6 22. Re1 Kf6 23. f4 Bb6 24. Nf3 Ke7 25. Nh4 Kd7 26. Nf3 f6 27. Kc2
Ke7 28. a4 c5 29. Nd2 Rd5 30. Nc4 Bc7 31. Ne3 Rd7 32. Nxf5+ Kf7 33. Nh4 e5 34.
f5 Rd5 35. Re4 Ba5 36. Ng2 Rd7 37. Ne3 Bb6 38. Nc4 Bc7 39. Nd2 a6 40. Re2 Bb6
41. Kb3 Ke7 42. Kc4 Rd8 43. Ne4 Rd1 44. Nxc5 Rf1 45. Nxa6 Rxf5 46. Nb4 Bg1 47.
Nd3 Rf1 48. b4 Kd6 49. a5 Ra1 50. g4 h6 51. h3 Kc7 52. Nc5 Rf1 53. Ne4 Rf3 54.
b5 h5 55. b6+ Kc6 56. Rd2 Rf4 57. Rd6+ Kb7 58. Kd5 hxg4 59. hxg4 Rxg4 60. Rxf6
Rg2 61. Rf7+ Ka6 62. Ra7+ Kb5 63. c4+ Kb4 64. c5 Rg8 65. c6 Rd8+ 66. Ke6 Kb5 67.
c7 Rh8 68. b7 1-0

[Event "Indywidualne Mistrzostwa Polski Juniorow do lat 18 - Dziewczeta"]
[Site "Szklarska Poreba"]
[Date "1899-12-30"]
[Round "5.7"]
[White "Skiba, Aleksandra"]
[Black "Kulpa, Zuzanna"]
[Result "1-0"]
[WhiteTitle "I++"]
[BlackTitle "I++"]
[WhiteElo "1743"]
[BlackElo "1870"]

1. e4 e5 2. Nf3 Nf6 3. Nxe5 d6 4. Nf3 Nxe4 5. Qe2 Qe7 6. d3 Nf6 7. Bg5 Be6 8. Nd4
Nbd7 9. Nxe6 fxe6 10. Nc3 O-O-O 11. g3 h6 12. Bd2 e5 13. Bg2 c6 14. O-O d5 15.
b4 Nb6 16. a4 d4 17. Ne4 Nxe4 18. Qxe4 Nd5 19. b5 Qe6 20. bxc6 bxc6 21. Rab1 Bd6
22. c4 Ne7 23. a5 Kc7 24. a6 Rb8 25. Ba5+ Kd7 26. Rb7+ Rxb7 27. axb7 Qf5 28. Qe2
e4 29. Bd2 exd3 30. Qe1 Rb8 31. Qb1 Kc7 32. Re1 Rxb7 33. Qa1 Qc5 34. Bf1 Qxc4
35. Qa5+ Kb8 36. Qd8+ Nc8 37. Bh3 Rc7 38. Rb1+ Ka8 39. Bxc8 1-0

[Event "Indywidualne Mistrzostwa Polski Juniorow do lat 18 - Dziewczeta"]
[Site "Szklarska Poreba"]
[Date "1899-12-30"]
[Round "5.8"]
[White "Moscicka, Pola"]
[Black "Karlyk, Maria"]
[Result "1/2-1/2"]
[WhiteTitle "k++"]
[BlackTitle "I"]
[WhiteElo "1994"]
[BlackElo "1725"]

1. d4 d5 2. c4 e6 3. Nc3 Nf6 4. cxd5 exd5 5. Bg5 Be7 6. e3 c6 7. Bd3 Nbd7 8. Nge2
h6 9. Bf4 O-O 10. Qc2 b6 11. O-O Bb7 12. f3 c5 13. Qd2 cxd4 14. Nxd4 Nc5 15. Bf5
Bd6 16. Bxd6 Qxd6 17. Rac1 a6 18. Nce2 Rfe8 19. b4 Ne6 20. Bb1 Nxd4 21. Nxd4 Rac8
22. Nf5 Qe6 23. Rce1 Rc7 24. Qf2 Rc4 25. a3 Rd8 26. Rd1 g6 27. Nd4 Qe7 28. Kh1
Rc3 29. Rd3 Rdc8 30. a4 Qxb4 31. Rxc3 Qxc3 32. h3 1/2-1/2

[Event "Indywidualne Mistrzostwa Polski Juniorow do lat 18 - Dziewczeta"]
[Site "Szklarska Poreba"]
[Date "1899-12-30"]
[Round "5.9"]
[White "Dwilewicz, Agata"]
[Black "Buchta, Agnieszka"]
[Result "1-0"]
[WhiteTitle "k"]
[BlackTitle "I++"]
[WhiteElo "1674"]
[BlackElo "1792"]

1. e4 c5 2. Nf3 e6 3. d4 cxd4 4. Nxd4 Nf6 5. Nc3 d6 6. f4 Be7 7. Qf3 a6 8. Be3
Nfd7 9. O-O-O b5 10. e5 d5 11. Qg3 g6 12. h4 h5 13. Nxe6 fxe6 14. Qxg6+ Kf8 15.
f5 Nxe5 16. Bh6+ Rxh6 17. Qxh6+ Kg8 18. Qxh5 Nbc6 19. Rh3 Bf6 20. Rg3+ Kf8 21.
Qh7 Nf7 22. Rg8+ Ke7 23. Rxd8 Ncxd8 24. fxe6 Bxe6 25. Nxd5+ Bxd5 26. Rxd5 Ne6
27. Qe4 Rh8 28. Qb4+ Ke8 29. g3 Rg8 30. a4 1-0

[Event "Indywidualne Mistrzostwa Polski Juniorow do lat 18 - Dziewczeta"]
[Site "Szklarska Poreba"]
[Date "1899-12-30"]
[Round "5.10"]
[White "Krzywnicka, Maria"]
[Black "Pyzio, Amelia"]
[Result "1-0"]
[WhiteTitle "I++"]
[BlackTitle "I++"]
[WhiteElo "1703"]
[BlackElo "1760"]

1. e4 e5 2. Nf3 Nc6 3. Bb5 a6 4. Ba4 Nf6 5. Qe2 Be7 6. c3 b5 7. Bb3 O-O 8. O-O
d5 9. d3 Bb7 10. Nbd2 dxe4 11. Nxe4 h6 12. Rd1 Nxe4 13. dxe4 Qc8 14. Bd5 Qg4 15.
a4 bxa4 16. Rxa4 Bd6 17. h3 Qc8 18. Bd2 Nb8 19. Be3 Bxd5 20. Rxd5 Nc6 21. Nh4
Re8 22. Nf5 Re6 23. Qd3 Rg6 24. Kh1 Bf8 25. Ra1 Qb7 26. b4 Qc8 27. Qd2 Qe8 28.
Qd1 Qc8 29. Qa4 Ne7 30. Rxe5 Nxf5 31. Rxf5 Bd6 32. Qc2 Qb7 33. Rfa5 Re8 34. f3
Be5 35. Rd1 Qc6 36. Rc5 Qf6 37. Bd4 Qf4 38. Bxe5 Rxe5 39. Rxe5 Qxe5 40. Rd8+ Kh7
41. Qd2 Qg3 42. Rd3 Rf6 43. Qe2 Rg6 44. Rd2 Qf4 45. c4 Qg3 46. c5 Qh4 47. Qf2
Qf4 48. Qd4 Qg3 49. Qe3 Qe5 50. f4 Qa1+ 51. Kh2 Qf1 52. f5 Rc6 53. Qd4 Qf4+ 54.
Kg1 Rf6 55. Rf2 Qc1+ 56. Rf1 Qc2 57. Rf2 Qb1+ 58. Kh2 h5 59. Rf4 Qe1 60. e5 Rh6
61. Re4 Qb1 62. Rf4 Qe1 63. Rf3 h4 64. Qf4 Qb1 65. Re3 Qa2 66. f6 Rg6 67. Qxh4+
Kg8 68. Rg3 Qd5 69. fxg7 Kxg7 70. Qf6+ Kh7 71. Rxg6 fxg6 72. e6 1-0

[Event "Indywidualne Mistrzostwa Polski Juniorow do lat 18 - Dziewczeta"]
[Site "Szklarska Poreba"]
[Date "1899-12-30"]
[Round "5.11"]
[White "Trembowiecka-wysota, Aleksandra"]
[Black "Michalska, Aleksandra"]
[Result "0-1"]
[WhiteTitle "I"]
[BlackTitle "I++"]
[WhiteElo "1669"]
[BlackElo "1741"]

1. e4 e5 2. Nf3 Nc6 3. Bb5 g6 4. c3 Nge7 5. d4 exd4 6. cxd4 d5 7. exd5 Nxd5 8.
O-O Bg7 9. Re1+ Be6 10. Ne5 O-O 11. Bxc6 bxc6 12. Nxc6 Qd6 13. Ne5 Rab8 14. Nd2
Qa6 15. Ne4 Rfe8 16. Nc5 Qc8 17. b3 Rb6 18. Bb2 Nf4 19. Qf3 g5 20. Qg3 Bd5 21.
f3 f6 22. Ned7 Ne2+ 23. Rxe2 Rxe2 24. Nxb6 cxb6 25. Na4 Qe6 26. Rb1 Qe3+ 27. Kh1
b5 28. Ba3 bxa4 29. Qb8+ Qe8 30. Qg3 axb3 31. axb3 f5 32. h3 h6 33. Bb4 f4 34.
Qh2 Bxf3 0-1

[Event "Indywidualne Mistrzostwa Polski Juniorow do lat 18 - Dziewczeta"]
[Site "Szklarska Poreba"]
[Date "1899-12-30"]
[Round "5.12"]
[White "Gredka, Dominika"]
[Black "Surpeta, Julia"]
[Result "1-0"]
[WhiteTitle "I++"]
[BlackTitle "I++"]
[WhiteElo "1732"]
[BlackElo "1583"]

1. e4 e6 2. d4 d5 3. e5 c5 4. c3 Bd7 5. Nf3 Qb6 6. Bd3 Bb5 7. O-O Bxd3 8. Qxd3
Qa6 9. Qc2 Nd7 10. Be3 Rc8 11. Qd2 Ne7 12. Na3 Nc6 13. Nc2 Be7 14. a3 Na5 15.
Qd1 cxd4 16. Bxd4 Nc4 17. b3 Ncb6 18. Nb4 Qb5 19. a4 Qa5 20. Nd3 Qa6 21. Qd2 Nc5
22. Nxc5 Bxc5 23. Qe3 Nd7 24. Nd2 Qb6 25. Rac1 O-O 26. h3 Rc6 27. Rb1 a5 28. Nf3
Qc7 29. Rfc1 Rc8 30. Re1 Bb6 31. Qg5 Nc5 32. Nd2 Nd3 33. Rf1 Rxc3 34. Bxc3 Qxc3
35. Rbd1 Qxe5 36. Nf3 Qe2 37. Rd2 Qe4 38. Qe7 d4 39. Ng5 Qf5 40. Qxb7 Rf8 41.
Qxb6 Nf4 42. Qxd4 Qxg5 43. g3 e5 44. Qe3 Nxh3+ 45. Kh2 Qh5 46. Kg2 Qf5 47. Rh1
Ng5 48. Rd5 Qf6 49. Rxe5 Qc6+ 50. f3 Ne6 51. Rc1 Qa6 52. Rd5 h6 53. Qd3 Qa7 54.
Qc3 Ra8 55. Rcd1 Qa6 56. Qe5 Qb6 57. Rb5 Qc6 58. Rd2 Qc1 59. Qe3 Qc7 60. Rbd5
Re8 61. Rd7 Qc8 62. Qa7 Ng5 63. Qxa5 Re2+ 64. Rxe2 Qxd7 65. g4 Qd3 66. Re8+ Kh7
67. Qf5+ 1-0

[Event "Indywidualne Mistrzostwa Polski Juniorow do lat 18 - Dziewczeta"]
[Site "Szklarska Poreba"]
[Date "1899-12-30"]
[Round "5.13"]
[White "Sivickis, Wiktoria"]
[Black "Orlik, Sandra"]
[Result "0-1"]
[WhiteTitle "I++"]
[BlackTitle "I++"]
[WhiteElo "1611"]
[BlackElo "1681"]

1. e4 c5 2. Nf3 e6 3. d3 Nc6 4. g3 d6 5. Bg2 g6 6. O-O Bg7 7. Re1 Nge7 8. c3 Qb6
9. Nbd2 O-O 10. Nc4 Qc7 11. Bf4 e5 12. Be3 f5 13. Qd2 b5 14. Na3 Rb8 15. Rac1
b4 16. Nc4 Be6 17. Ng5 Bxc4 18. dxc4 Nd8 19. h4 h6 20. Nh3 Nf7 21. cxb4 Rxb4 22.
a3 Rb3 23. Rc3 Rfb8 24. Rxb3 Rxb3 25. Qc2 Qb8 26. Bc1 Nc6 27. Re3 Rb6 28. h5 Nd4
29. Qd1 g5 30. f4 exf4 31. gxf4 Nb3 32. e5 dxe5 33. fxg5 e4 34. Rxb3 Rxb3 35.
Qd5 Rd3 36. Qxf5 Bd4+ 37. Kf1 Rd1+ 38. Ke2 Rxc1 39. b4 Rc2+ 40. Kd1 Rxg2 41. g6
Qe8 42. bxc5 Bc3 0-1

[Event "Indywidualne Mistrzostwa Polski Juniorow do lat 18 - Dziewczeta"]
[Site "Szklarska Poreba"]
[Date "1899-12-30"]
[Round "5.14"]
[White "Koruch, Maria"]
[Black "Bilczewska, Olga"]
[Result "1/2-1/2"]
[WhiteTitle "I+"]
[BlackTitle "I+"]
[WhiteElo "1685"]
[BlackElo "1670"]

1. e4 c5 2. Nf3 Nc6 3. d4 cxd4 4. Nxd4 e6 5. Nc3 Qc7 6. Be3 Nf6 7. f3 Bb4 8. Qd2
d5 9. Bg5 dxe4 10. Bxf6 gxf6 11. fxe4 Nxd4 12. Qxd4 Bxc3+ 13. Qxc3 Qxc3+ 14. bxc3
Ke7 15. Ke2 Ke8 16. Ke1 Ke7 17. Ke2 Ke8 18. Ke1 Ke7 19. Ke2 1/2-1/2

[Event "Indywidualne Mistrzostwa Polski Juniorow do lat 18 - Dziewczeta"]
[Site "Szklarska Poreba"]
[Date "1899-12-30"]
[Round "5.15"]
[White "Trusz, Julia"]
[Black "Samujlo, Agnieszka"]
[Result "1/2-1/2"]
[WhiteTitle "I+"]
[BlackTitle "I++"]
[WhiteElo "1635"]
[BlackElo "1419"]

1. e4 c5 2. Nf3 e6 3. c4 d5 4. exd5 exd5 5. d4 Nf6 6. Nc3 Be6 7. cxd5 Nxd5 8. Bb5+
Nd7 9. O-O Nxc3 10. bxc3 a6 11. Bxd7+ Qxd7 12. Ba3 cxd4 13. Bxf8 Kxf8 14. Nxd4
Re8 15. Nxe6+ Qxe6 16. Qd4 f6 17. Rab1 b5 18. a4 Qe5 19. axb5 axb5 20. Qb4+ Kf7
21. Qxb5 Qxc3 22. Qd5+ Kg6 23. Rb7 Rhf8 24. Qd7 f5 25. Rb6+ Kg5 26. Rc6 Qb2 27.
g3 Re2 28. Qd6 Rf6 29. Qf4+ Kg6 30. Rxf6+ Qxf6 31. Rd1 Re4 32. Qf3 1/2-1/2

[Event "Indywidualne Mistrzostwa Polski Juniorow do lat 18 - Dziewczeta"]
[Site "Szklarska Poreba"]
[Date "1899-12-30"]
[Round "5.16"]
[White "Kindler, Karolina"]
[Black "Hryn, Zofia"]
[Result "1/2-1/2"]
[WhiteTitle "I++"]
[BlackTitle "I++"]
[WhiteElo "1604"]
[BlackElo "1592"]

1. e4 c5 2. Nf3 e6 3. d4 cxd4 4. Nxd4 a6 5. Bd3 Nc6 6. Nxc6 dxc6 7. O-O e5 8. Be3
Nf6 9. f3 Be7 10. Nc3 Be6 11. Ne2 O-O 12. g4 b5 13. Ng3 c5 14. Qe1 c4 15. Be2
Qc7 16. Nf5 Bc5 17. Qf2 Bxe3 18. Qxe3 Rfd8 19. Kh1 Bxf5 20. gxf5 Qa7 21. Qg5 h6
22. Qg3 Qe3 23. Rae1 Qf4 24. Qxf4 exf4 25. Rd1 Kf8 26. c3 Ke7 27. b3 cxb3 28.
axb3 Rxd1 29. Rxd1 Rd8 30. Rxd8 Kxd8 31. b4 Kc7 32. Kg2 Nd7 33. Kh3 Ne5 34. Kh4
Kb6 35. f6 g6 36. Bd1 Kc6 37. Bb3 Kb6 38. Kh3 a5 39. bxa5+ Kxa5 40. Kg2 Kb6 41.
Bd5 Kc5 42. Kf2 Kd6 43. Ke2 g5 44. h3 Nd7 45. Bxf7 Nxf6 46. Kf2 Nd7 47. Be8 Ke7
48. Bxd7 Kxd7 49. h4 gxh4 50. Kg2 Kc6 51. Kh3 Kc5 52. Kxh4 Kc4 53. Kg4 Kxc3 54.
e5 b4 55. e6 b3 56. e7 b2 57. e8=Q b1=Q 58. Qe5+ Kc4 59. Qxf4+ Kd5 60. Qf7+ Kd6
61. Qf8+ Kd5 62. Qd8+ Ke6 63. Qc8+ Kd6 64. Qf8+ Kd5 65. Qf7+ Kd6 66. Qf4+ Kd5
67. Qd2+ Kc5 68. Qxh6 Qg1+ 69. Kf5 Qb1+ 70. Kf6 Qb2+ 71. Kg6 Qc2+ 72. Kh5 Qh2+
73. Kg6 Qc2+ 74. Kh5 Qh2+ 1/2-1/2

[Event "Indywidualne Mistrzostwa Polski Juniorow do lat 18 - Dziewczeta"]
[Site "Szklarska Poreba"]
[Date "1899-12-30"]
[Round "5.17"]
[White "Ossolinska, Matylda"]
[Black "Borsuk, Aleksandra"]
[Result "1-0"]
[WhiteTitle "I+"]
[BlackTitle "I"]
[WhiteElo "1665"]
[BlackElo "1307"]

1. d4 Nf6 2. c4 g6 3. Nc3 Bg7 4. Nf3 d6 5. h3 O-O 6. e3 Nbd7 7. Be2 e5 8. O-O c6
9. dxe5 Nxe5 10. Nxe5 dxe5 11. e4 Be6 12. Qc2 Qc7 13. Be3 Rfd8 14. Rfd1 Rxd1+
15. Rxd1 Rd8 16. Rxd8+ Qxd8 17. Bxa7 b6 18. c5 b5 19. Bb6 Qd4 20. a3 b4 21. axb4
Qxb4 22. Qd3 Qxb2 23. Qd8+ Bf8 24. Qxf6 Qxc3 25. Bc7 Qc1+ 26. Bf1 Bc4 27. Bxe5
Qxf1+ 28. Kh2 Qd3 29. Qh8# Qd2 30. Qf6 1-0